01590nam a2200289 a 4500001001000000005001700010008004100027041000800068044000700076084002000083100004500103245007500148260004400223300001700267440005700284500028800341500024800629500009500877500000900972546002500981650005201006650005601058650003401114650004501148700005701193740005001250BRCA_314620190320204131.0050209s1875----fr-#---###---#000-0#fre-u afre afr a449b.B53c18751 aCervantes Saavedra, Miguel ded1547-161610aCervantesbDon QuichottecMiguel de Cervantes ; Traduction de Florian. aParísbBibliothèque Nationalec1875 a4 v.c14 cm. 0aCollection des Meilleurs Auteurs Anciens et Modernes aContenido : v 1. Primera parte. Advertencia del traductor. Prólogo del autor. Texto. -- v 2. Texto. -- v 3. Segunda parte. Texto. -- v 4. Texto. Nota de los editores. Novelas ejemplares. La fuerza de la sangre. Lic. Vidriera. El casamiento engañoso. Coloquio de los perros. Texto aEdición económica de la versión de Florian. El vol. IV contiene la traducción de las siguientes novelas ejemplares: La fuerza de la sangre, El Lic. Vidriera, El casamiento engañoso y Coloquio de los perros. Rústica Lúdovik Osterc aEstado físico : Encuadernación en papel maltratada. Forrados con papel de mala calidad a374A aTexto en : francés14aNovela españolayÉpoca clásica, 1500-170014aLiteratura españolayÉpoca clásica, 1500-170014aNovela españolaySiglo XVII14aDon Quijote (Personaje ficticio)eNovela1 aFlorian, Jean-Pierre Claris ded1755-1794eTraductor0 aEl Ingenioso Hidalgo Don Quijote de la Mancha